begged - Olivia Rodrigo (All Lyrics) - Statistics

General Stats
  • This quiz has been taken 99 times
  • The average score is 168 of 240
Answer Stats
Lyrics % Correct
I
100%
a
96%
to
91%
you
91%
You
91%
an
89%
I'm
89%
it
89%
it,
89%
And
87%
and
87%
you're
87%
begged
85%
for
83%
when
83%
it's
81%
know
81%
learning,
81%
that
81%
That
81%
the
81%
What
81%
what
81%
get
79%
not
79%
patient,
77%
So,
77%
want
77%
All
74%
hurting,
74%
is
74%
Is
74%
love
74%
me
74%
pretend
74%
cool
72%
giving,
72%
giving
72%
I'll
72%
in
72%
take
72%
away
70%
away)
70%
'Cause
70%
forgiving,
70%
Yeah,
70%
on
68%
they
68%
good
66%
let
66%
virtue
66%
eyes
64%
have
64%
say
64%
slip
64%
enough
62%
just
62%
my
62%
ocean
62%
anchor
60%
never
60%
TV
60%
watch
60%
here
57%
Here
57%
movies
57%
But
55%
nothing's
55%
of
55%
Of
55%
shame,
55%
undoubtedly
55%
devotion
53%
quite
53%
sit
53%
at
51%
Could
51%
could
51%
leave
51%
this
51%
bed
49%
endless
49%
lay
49%
needs
49%
well
49%
night
47%
silently
47%
witness
47%
feel
45%
life
45%
penny
45%
thought
45%
clear?
43%
fountain,
43%
make
43%
trapped
43%
change
40%
inside
40%
luck
40%
waiting
40%
melt
38%
(Melt
38%
overwhelmed,
38%
cling
36%
(Cling
36%
Cling
36%
like)
36%
like
36%
mountains
36%
snow
36%
thing
36%
underfed
36%
(Careless)
34%
Careless
34%
lover's
34%
normal
34%
static
34%
dread?
32%
fight
32%
hope
32%
words
32%
back
30%
still
30%
yet
28%
waves
23%
No matching quizzes found
Score Distribution
Percent of People with Each Score
Percentile by Number Answered
Your Score History
You have not taken this quiz